Todos os carros fabricados pela Chevrolet do Brasil - Statistics

Estatísticas Gerais
  • Esse quiz foi jogado 743 vezes
  • A pontuação média é 14 de 36
Estatísticas das Respostas
Hint Resposta % Correto
C CORSA
79%
A ASTRA
70%
C CELTA
70%
O OPALA
67%
S S10
66%
V VECTRA
62%
C CHEVETTE
59%
M MONZA
57%
O OMEGA
57%
P PRISMA
55%
M MONTANA
53%
Z ZAFIRA
51%
C CRUZE
49%
M MERIVA
46%
C CLASSIC
45%
C COBALT
44%
K KADETT
43%
B BLAZER
42%
D D20
39%
S SPIN
37%
C CARAVAN
34%
D D10
33%
S SILVERADO
33%
C C10
29%
I IPANEMA
28%
V VERANEIO
25%
C C20
24%
T TRAILBLAZER
24%
M MARAJO
20%
A A10
18%
A A20
18%
B BONANZA
18%
B BRASIL
15%
C CHEVY 500
10%
V VECTRA GT
10%
O OMEGA SUPREMA
7%
Nenhum quiz correspondente encontrado
Distribuição das Pontuações
Porcentagem de Pessoas com Cada Pontuação
Percentil de Números Respondidos
Sua Pontuação Histórica
Você não jogou esse quiz